ឆ្កែ មាន់គក និង កញ្ជ្រោង / (Record no. 8888)
[ view plain ]
| 000 -LEADER | |
|---|---|
| fixed length control field | 01068nam a22002657a 4500 |
| 001 - CONTROL NUMBER | |
| control field | 8888 |
| 003 - CONTROL NUMBER IDENTIFIER | |
| control field | FISKH |
| 005 - DATE AND TIME OF LATEST TRANSACTION | |
| control field | 20251030101542.0 |
| 008 - FIXED-LENGTH DATA ELEMENTS--GENERAL INFORMATION | |
| fixed length control field | 251030b cb ||||| |||| 00| 0 eng d |
| 040 ## - CATALOGING SOURCE | |
| Original cataloging agency | FISKH |
| Language of cataloging | khr |
| Transcribing agency | FISKH |
| Modifying agency | FISKH |
| 050 ## - LIBRARY OF CONGRESS CALL NUMBER | |
| Classification number | PZ7 |
| 082 ## - DEWEY DECIMAL CLASSIFICATION NUMBER | |
| Classification number | 895 |
| 100 ## - MAIN ENTRY--PERSONAL NAME | |
| Personal name | Anonymous |
| 245 ## - TITLE STATEMENT | |
| Title | ឆ្កែ មាន់គក និង កញ្ជ្រោង / |
| Statement of responsibility, etc. | By Anonymous |
| 260 ## - PUBLICATION, DISTRIBUTION, ETC. | |
| Place of publication, distribution, etc. | Phnom Penh : |
| 300 ## - PHYSICAL DESCRIPTION | |
| Extent | 16 pages : |
| Other physical details | color illustrations ; |
| Dimensions | 21 cm . |
| 490 ## - SERIES STATEMENT | |
| Series statement | និទានអប់រំគំនិត |
| 505 ## - FORMATTED CONTENTS NOTE | |
| Formatted contents note | J <br/> |
| 521 8# - TARGET AUDIENCE NOTE | |
| Target audience note | 500 <br/> |
| Source | Lexile estimate <br/> |
| 521 8# - TARGET AUDIENCE NOTE | |
| Target audience note | J <br/> |
| Source | Raz-Plus <br/> |
| 650 ## - SUBJECT ADDED ENTRY--TOPICAL TERM | |
| Topical term or geographic name entry element | ឆ្កែ មាន់គក និង កញ្ញ្រោង , កញ្រ្ជោងនិងពពែ , ឈើមួយកាច់ , អ្នកខ្វាលពពែនិងពពែព្រៃ |
| Form subdivision | រឿងនិទានកុមារ |
| 650 ## - SUBJECT ADDED ENTRY--TOPICAL TERM | |
| Topical term or geographic name entry element | Dog rooster and fox , Fox and goat , A bunch of stick , Shepherd and wild goat |
| Form subdivision | Children's Stories |
| 942 ## - ADDED ENTRY ELEMENTS (KOHA) | |
| Source of classification or shelving scheme | Dewey Decimal Classification |
| Koha item type | Khmer Books |
| Suppress in OPAC | No |
| Withdrawn status | Lost status | Source of classification or shelving scheme | Damaged status | Not for loan | Collection | Home library | Current library | Shelving location | Date acquired | Total Checkouts | Full call number | Barcode | Date last seen | Copy number | Price effective from | Koha item type |
|---|---|---|---|---|---|---|---|---|---|---|---|---|---|---|---|---|
| Dewey Decimal Classification | Khmer-English Bilingual / ភាសាខ្មែរ-អង់គ្លេស | Footprints International School Library Network Toul Tom Poung Campus | Footprints International School Library Network Toul Tom Poung Campus | TTP Primary Khmer Bookshelves | 10/30/2025 | ANP PZ7 895 | FIS01673 | 10/30/2025 | 1 | 10/30/2025 | Khmer Books | |||||
| Dewey Decimal Classification | Khmer-English Bilingual / ភាសាខ្មែរ-អង់គ្លេស | Footprints International School Library Network Toul Tom Poung Campus | Footprints International School Library Network Toul Tom Poung Campus | TTP Primary Khmer Bookshelves | 10/30/2025 | ANP PZ7 895 | FIS02499 | 10/30/2025 | 2 | 10/30/2025 | Khmer Books | |||||
| Dewey Decimal Classification | Khmer-English Bilingual / ភាសាខ្មែរ-អង់គ្លេស | Footprints International School Library Network Toul Tom Poung Campus | Footprints International School Library Network Toul Tom Poung Campus | TTP Primary Khmer Bookshelves | 12/11/2025 | ANP PZ7 895 | 2025-5108 | 12/11/2025 | 3 | 12/11/2025 | Khmer Books |
